| 000 | 00636cab a2200241 4500 | ||
|---|---|---|---|
| 001 | E2701 | ||
| 008 | 090401t1996 xxu||||| |||| 00| 0 eng d | ||
| 035 | _a(Sirsi) u40572 | ||
| 041 | _aeng | ||
| 100 | _aClough, B. | ||
| 245 | _aRural Scotland: people, prosperity and partnership | ||
| 260 | _c1996 | ||
| 350 | _a0 | ||
| 490 |
_aScottish Planner _v(40) March 1996, 9(1) |
||
| 520 | _aOutlines the Government`s new White Paper for Rural Scotland. | ||
| 650 | _aRURAL AREAS | ||
| 650 | _aRURAL WHITE PAPER | ||
| 650 | _aSCOTLAND | ||
| 650 | _aSCOTT REPORT | ||
| 690 | _aRURAL PRACTICE | ||
| 942 | _n0 | ||
| 948 | _c04/03/1997 | ||
| 999 |
_c25991 _d25991 |
||